By the rivers of Babylon /

Bibliographic Details
Main Author: DeMille, Nelson
Format: Book
Language:English
Published: New York : Warner, 1990
Edition:Warner Books ed.

MARC

Tag First Indicator Second Indicator Subfields
LEADER 00000cam a2200000Ia 4500
001 in00002186708
005 20151104075455.0
008 900531t19901978nyu 000 1 eng d
020 |a 0446358592 (pbk.) :  |c $5.95 
035 |a (OCoLC)ocm21654867 
040 |a MRQ  |c MRQ  |d MLN  |d BAKER  |d TXA  |d UtOrBLW 
049 |a TXAM 
050 4 |a PS3554.E472  |b B9 1990 
100 1 |a DeMille, Nelson. 
245 1 0 |a By the rivers of Babylon /  |c Nelson De Mille. 
250 |a Warner Books ed. 
264 1 |a New York :  |b Warner,  |c 1990 
264 4 |c ©1978 
300 |a 422 pages ;  |c 18 cm. 
336 |a text  |b txt  |2 rdacontent 
337 |a unmediated  |b n  |2 rdamedia 
338 |a volume  |b nc  |2 rdacarrier 
536 |a Gift of Ben Allen Jr. '56. 
938 |a Baker & Taylor  |b BKTY  |c 7.99  |d 6.39  |i 0446358592  |n 0002334997  |s active 
948 |a cataloged  |b h  |c 2006/10/3  |d c  |e ceaton  |f 2:34:19 pm 
994 |a C0  |b TXA 
999 |a MARS 
999 f f |s aaea1351-59ec-3853-a4e8-bf11d7ce0006  |i e0ac0058-1aa8-319f-9983-8e89978f5760  |t 0 
952 f f |p ric  |a Texas A&M University  |b Rellis Campus  |c Joint Library Facility  |d Remote Storage  |t 0  |e PS3554.E472 B9 1990  |h Library of Congress classification  |i unmediated -- volume  |m A14834730804 
998 f f |a PS3554.E472 B9 1990  |t 0  |l Remote Storage